Endoscopic cecostomy: What you need to know in 2026 (notice n° 1845674)

détails MARC
000 -LEADER
fixed length control field 02497cam a2200229 4500500
005 - DATE AND TIME OF LATEST TRANSACTION
control field 20260329005707.0
041 ## - LANGUAGE CODE
Language code of text/sound track or separate title fre
042 ## - AUTHENTICATION CODE
Authentication code dc
100 10 - MAIN ENTRY--PERSONAL NAME
Personal name Raguin, Hugo
Relator term author
245 00 - TITLE STATEMENT
Title Endoscopic cecostomy: What you need to know in 2026
260 ## - PUBLICATION, DISTRIBUTION, ETC.
Date of publication, distribution, etc. 2026.<br/>
500 ## - GENERAL NOTE
General note 35
520 ## - SUMMARY, ETC.
Summary, etc. Percutaneous endoscopic colostomy (PEC) is a minimally invasive alternative to surgery for treating severe chronic constipation and refractory anorectal disorders. Based on the concept of Malone appendicostomy, PEC enables antegrade colonic irrigation through a catheter inserted into the cecum under endoscopic guidance. This procedure facilitates bowel emptying and improves quality of life. It is primarily indicated for severe chronic constipation that does not respond to medical treatment, anorectal dysfunction of neurological origin, recurrent colonic pseudo-obstruction (Ogilvie syndrome), and passive fecal incontinence. This procedure is only recommended after a complete morphological and functional evaluation and after conservative treatment has failed for at least six months. The procedure is performed under general anesthesia and consists of cecopexy with placement of a Chait Trapdoor™ catheter. Complications most often occur at the incision site (chronic pain, granulomas, oozing, and superficial infections) and affect about half of patients, while intra-abdominal complications remain rare. Recent studies show a clinical success rate of 60 to 70%, with significant improvements in constipation (KESS), fecal incontinence (Cleveland), and quality of life (GIQLI) scores. However, approximately one third of patients have the device removed within the first year, primarily due to chronic pain at the insertion site. In conclusion, PEC is a more effective and less morbid option than colonic surgery. It offers functional improvement and enhanced quality of life in selected cases of refractory constipation or incontinence, while delaying or avoiding the need for more invasive surgical procedures.
700 10 - ADDED ENTRY--PERSONAL NAME
Personal name Velut, Guillaume
Relator term author
700 10 - ADDED ENTRY--PERSONAL NAME
Personal name Le Rhun, Marc
Relator term author
700 10 - ADDED ENTRY--PERSONAL NAME
Personal name Archambeaud, Isabelle
Relator term author
700 10 - ADDED ENTRY--PERSONAL NAME
Personal name Takoudju, Céline
Relator term author
700 10 - ADDED ENTRY--PERSONAL NAME
Personal name Duchalais, Emilie
Relator term author
700 10 - ADDED ENTRY--PERSONAL NAME
Personal name Coron, Emmanuel
Relator term author
786 0# - DATA SOURCE ENTRY
Note Hépato-Gastro & Oncologie Digestive | 33 | 1 | 2026-02-10 | p. 40-51 | 2115-3310
856 41 - ELECTRONIC LOCATION AND ACCESS
Uniform Resource Identifier <a href="https://stm.cairn.info/journal-hepato-gastro-oncologie-digestive-2026-1-page-40?lang=en&redirect-ssocas=7080">https://stm.cairn.info/journal-hepato-gastro-oncologie-digestive-2026-1-page-40?lang=en&redirect-ssocas=7080</a>

Pas d'exemplaire disponible.

PLUDOC

PLUDOC est la plateforme unique et centralisée de gestion des bibliothèques physiques et numériques de Guinée administré par le CEDUST. Elle est la plus grande base de données de ressources documentaires pour les Étudiants, Enseignants chercheurs et Chercheurs de Guinée.

Adresse

627 919 101/664 919 101

25 boulevard du commerce
Kaloum, Conakry, Guinée

Réseaux sociaux

Powered by Netsen Group @ 2025